| 000 | 01737nam a2200421 a 4500 | ||
|---|---|---|---|
| 001 | ebr10382811 | ||
| 003 | CaPaEBR | ||
| 006 | m u | ||
| 007 | cr cn||||||||| | ||
| 008 | 030801r1964uuuudcu sb 001 0 eng | ||
| 010 | _z 64018670 | ||
| 020 | _z081321310X (pbk.) | ||
| 020 | _z9780813213101 | ||
| 020 | _z9780813211503 (e-book) | ||
| 040 |
_aCaPaEBR _cCaPaEBR |
||
| 035 | _a(OCoLC)647919853 | ||
| 041 | 1 |
_aeng _hlat |
|
| 050 | 1 | 4 |
_aBR60.F3 _bO7 1964eb |
| 082 | 0 | 4 | _a937 |
| 100 | 1 | _aOrosius, Paulus. | |
| 240 | 1 | 0 |
_aHistoriarum adversus paganos libri VII. _lEnglish |
| 245 | 1 | 4 |
_aThe seven books of history against the pagans _h[electronic resource] / _cPaulus Orosius ; translated by Roy J. Deferrari. |
| 250 | _a1st short-run reprint. | ||
| 260 |
_aWashington : _bCatholic University of America Press, _cc1964, 2001 printing. |
||
| 300 | _axxi, 415 p. | ||
| 490 | 1 |
_aThe Fathers of the church, a new translation ; _vv. 50 |
|
| 504 | _aIncludes bibliographical references (p. xxi) and indexes. | ||
| 533 |
_aElectronic reproduction. _bPalo Alto, Calif. : _cebrary, _d2013. _nAvailable via World Wide Web. _nAccess may be limited to ebrary affiliated libraries. |
||
| 650 | 0 |
_aApologetics _vEarly works to 1800. |
|
| 650 | 0 |
_aWorld history _vEarly works to 1800. |
|
| 650 | 0 |
_aHistory, Ancient _vEarly works to 1800. |
|
| 650 | 0 |
_aChurch history _yPrimitive and early church, ca. 30-600. |
|
| 655 | 7 |
_aElectronic books. _2local |
|
| 700 | 1 |
_aDeferrari, Roy J. _q(Roy Joseph), _d1890-1969. |
|
| 710 | 2 | _aebrary, Inc. | |
| 830 | 0 |
_aFathers of the church ; _vv. 50. |
|
| 856 | 4 | 0 |
_uhttp://site.ebrary.com/lib/rucke/Doc?id=10382811 _zAn electronic book accessible through the World Wide Web; click to view |
| 999 |
_c207876 _d207876 |
||